Viva Voce in Anatomy (Record no. 1015)

MARC details
000 -LEADER
Fixed length control field 00473nam a2200193Ia 4500
003 - CONTROL NUMBER IDENTIFIER
Control field IIN
005 - DATE AND TIME OF LATEST TRANSACTION
Control field 20240129124959.0
008 - FIXED-LENGTH DATA ELEMENTS--GENERAL INFORMATION
Fixed length control field 231217s9999 xx 000 0 und d
020 ## - INTERNATIONAL STANDARD BOOK NUMBER / ISBN
Price Rs.575.00
International Standard Book Number 9788131227060
040 ## - CATALOGING SOURCE
Original cataloging agency IIN
Language of cataloging English
082 ## - DEWEY DECIMAL CLASSIFICATION NUMBER
Classification number 611
Book Number GAN
100 1# - MAIN ENTRY--PERSONAL NAME
Personal name Gangane, S.D.
245 1# - TITLE STATEMENT
Title Viva Voce in Anatomy
Statement of responsibility S.D. Gangane
250 ## - EDITION STATEMENT
Edition statement 3rd ed
260 ## - IMPRINT
Name of publisher Elsevier
Place of publication New Delhi
Date of publication 2011
300 ## - PHYSICAL DESCRIPTION
Page / Vol. No v, 366 p.
650 1# - SUBJECT ADDED ENTRY--TOPICAL TERM
Topical term Anatomy
942 ## - ADDED ENTRY ELEMENTS (KOHA)
Koha item type Books
Holdings
Withdrawn status Lost status Damaged status Not for loan Collection code Home library Current library Date acquired Price Total Checkouts Call number Accession number Date last seen Price effective from Koha item type
          IDEAL INSTITUTE OF NURSING IDEAL INSTITUTE OF NURSING 17/12/2023 575.00   611 GAN 1009 17/12/2023 17/12/2023 Books
          IDEAL INSTITUTE OF NURSING IDEAL INSTITUTE OF NURSING 17/12/2023 575.00   611 GAN 1010 17/12/2023 17/12/2023 Books
          IDEAL INSTITUTE OF NURSING IDEAL INSTITUTE OF NURSING 17/12/2023 575.00   611 GAN 1011 17/12/2023 17/12/2023 Books
© Ideal Institute Of Nursing, All rights reserved.         Powered by Koha